Język angielski dla początkujących /
Gorde:
| Egile nagusia: | |
|---|---|
| Erakunde egilea: | |
| Beste egile batzuk: | |
| Formatua: | Liburua |
| Hizkuntza: | ingelesa |
| Argitaratua: |
Warszawa :
"Wiedza Powszechna",
1996
|
| Edizioa: | [Wyd. 25]. |
| Saila: | Uczymy Się Języków Obcych
|
| Gaiak: | |
| Etiketak: |
Etiketarik gabe, Izan zaitez lehena erregistro honi etiketa jartzen!
|
MARC
| LEADER | 00000nam a2200000 i 4500 | ||
|---|---|---|---|
| 001 | 9910037676705606 | ||
| 005 | 20260515140226.0 | ||
| 008 | 971113s1988 pl a |000 0 eng | ||
| 020 | |a 8321402534 | ||
| 035 | |a 991003319699705066 | ||
| 035 | |a (PL-WaBN)b1089049x-48omnis_nlop | ||
| 035 | |a b1089049x | ||
| 035 | |a (OCoLC)835022378 | ||
| 035 | |a (PL)b0000001089049 | ||
| 040 | |a WA N |c WA N |d KR U | ||
| 041 | 0 | |a eng | |
| 080 | |a 802.0(07) | ||
| 090 | |c 74 |d 73 | ||
| 100 | 1 | |a Dobrzycka, Irena |d (1909-2007) | |
| 245 | 1 | 0 | |a Język angielski dla początkujących / |c Irena Dobrzycka, Bronisław Kopczyński. |
| 250 | |a [Wyd. 25]. | ||
| 260 | |a Warszawa : |b "Wiedza Powszechna", |c 1996 |e (Poznań : |f ZG). | ||
| 300 | |a XX, 468 s. : |b rys. ; |c 21 cm. | ||
| 490 | 1 | |a Uczymy się Języków Obcych | |
| 650 | 7 | |a Język angielski (przedmiot szkolny) | |
| 700 | 1 | |a Kopczyński, Bronisław | |
| 710 | 2 | |a Państwowe Wydawnictwo Wiedza Powszechna | |
| 830 | 0 | |a Uczymy Się Języków Obcych | |
| 920 | |a 83-214-0253-4 | ||
| 942 | |c K | ||
| 952 | |0 0 |1 0 |4 0 |6 R__55_000000000000000 |7 0 |9 72 |a RYT |b RYT |d 2026-04-26 |e 1/2026 |g 10.00 |l 0 |o R.55 |p 2000000000558 |r 2026-05-15 14:02:26 |w 2026-05-15 |y BK |z da | ||
| 999 | |c 72 |d 72 | ||